Impacts of a potential climate change on forests on the Czech Republic : country study of climate change for the Czech Republic : element 2 /

Hlavní autor: Vinš, Bohuslav, 1928-2016
Jazyk: Angličtina
Vydáno: Praha : Český hydrometeorologický ústav, 1997
Vydání: 1. vyd.
Edice: Národní klimatický program ČR
Témata:
Fyzický popis: 141 s. : il., mapy ; 29 cm
Knihy
Uloženo v:
LEADER 01384nam a2200385 a 4500
001 000287864
003 CZ BrMZK
005 20211206062754.0
007 ta
008 980115s1997 xr f eng d
020 |a 80-85813-45-9 
040 |a BOA001  |b cze 
043 |a e-xr--- 
072 7 |a 630  |x Lesnictví  |2 Konspekt  |9 24 
080 |a 630.4  |2 MRF 
080 |a 551.583  |2 MRF 
080 |a 502/504  |2 MRF 
080 |a 630.1  |2 MRF 
080 |a (437.3)  |2 MRF 
080 |a (048.8)  |2 MRF 
100 1 |a Vinš, Bohuslav,  |d 1928-2016  |7 jk01142438  |4 aut 
245 1 0 |a Impacts of a potential climate change on forests on the Czech Republic :  |b country study of climate change for the Czech Republic : element 2 /  |c Bohuslav Vinš et al 
250 |a 1. vyd. 
260 |a Praha :  |b Český hydrometeorologický ústav,  |c 1997 
300 |a 141 s. :  |b il., mapy ;  |c 29 cm 
490 1 |a Národní klimatický program České republiky ;  |v 23 
500 |a Bibliogr. 
650 0 7 |a poškození lesa  |7 ph124479  |z Česko  |2 czenas 
650 0 7 |a klimatické změny  |7 ph134843  |x environmentální aspekty  |2 czenas 
650 0 7 |a lesy  |7 ph115123  |z Česko  |2 czenas 
655 7 |a studie  |7 fd133597  |2 czenas 
830 0 |a Národní klimatický program ČR 
910 |a BOA001  |b 4-1042.458 
990 |a BK 
996 7 |b 2610066557  |c 4-1042.458  |l MZK  |r Sklad / do 1 hodiny  |n 4  |p p.v.  |w 000287864  |u 000010  |a 1  |e BOA001  |j MZK50  |s A